[Event "Titled Tuesday intern op 12th Mar Early"]
[Site "Chess.com INT"]
[Date "2024.03.12"]
[Round "4"]
[White "Christiansen, Johan Sebastian"]
[Black "Mestnikov, Aisen"]
[Result "1-0"]
[WhiteElo "2633"]
[BlackElo "2095"]
[PlyCount "51"]
[EventDate "2024.03.12"]
[EventType "swiss (blitz)"]
[EventRounds "11"]
[EventCountry "USA"]
[SourceTitle "CB12_2024"]
[SourceDate "2023.10.01"]
[SourceVersion "1"]
[SourceVersionDate "2023.10.01"]
[SourceQuality "1"]

1. e4 e5 2. Nf3 Nc6 3. Nc3 Nf6 4. a3 a6 5. d4 exd4 6. Nxd4 Bc5 7. Be3 Nxd4 8. Bxd4 Qe7 9. e5 Bxd4 10. Qxd4 0-0 11. 0-0-0 Ne8 12. Nd5 Qd8 13. Bc4 d6 14. Rhe1 dxe5 15. Rxe5 Nd6 16. Nxc7 Qxc7 17. Qxd6 Qxd6 18. Rxd6 Bg4 19. f3 Bc8 20. Re7 h6 21. Rxf7 Rxf7 22. Rd8+ Kh7 23. Bxf7 b5 24. Bd5 Rb8 25. Be6 Rb6 26. Bxc8 1-0

[Event "Titled Tuesday intern op 14th Nov Early"]
[Site "Chess.com INT"]
[Date "2023.11.14"]
[Round "3"]
[White "Mestnikov, Aisen"]
[Black "Ghosh, Chanchal Kumer"]
[Result "0-1"]
[WhiteElo "2043"]
[BlackElo "2026"]
[PlyCount "136"]
[EventDate "2023.11.14"]
[EventType "swiss (blitz)"]
[EventRounds "11"]
[EventCountry "USA"]
[SourceTitle "CB47_2023"]
[SourceDate "2023.11.22"]
[SourceVersion "1"]
[SourceVersionDate "2023.11.22"]
[SourceQuality "1"]

1. d4 d5 2. Nf3 e6 3. c4 Nf6 4. g3 Be7 5. Bg2 b6 6. 0-0 Bb7 7. Ne5 0-0 8. Nc3 a6 9. Bf4 Nbd7 10. Qc2 c5 11. Rfd1 cxd4 12. Rxd4 Rc8 13. Rad1 Bc5 14. R4d2 Nxe5 15. Bxe5 Bxf2+ 16. Kxf2 Ng4+ 17. Kg1 Nxe5 18. cxd5 exd5 19. Bxd5 Bxd5 20. Rxd5 Qf6 21. Qe4 Nc4 22. Rf1 Qh6 23. Rd7 Nd2 24. Qf4 Nxf1 25. Qxh6 gxh6 26. Kxf1 Rfd8 27. Rb7 b5 28. Rb6 Rd2 29. Rxa6 Rxb2 30. Nd5 Rcc2 31. Nf4 Rxa2 32. Rb6 Rc5 33. Nd3 Rf5+ 34. Ke1 h5 35. h4 Ra1+ 36. Kd2 Rg1 37. Nf4 Rxg3 38. e3 Re5 39. Rb8+ Kg7 40. Rb7 Kf8 41. Rb8+ Ke7 42. Rb7+ Ke8 43. Rb8+ Kd7 44. Rb7+ Kc6 45. Rxf7 Rexe3 46. Rf6+ Kb7 47. Ne2 Rh3 48. Rh6 Ra3 49. Kc1 Ra2 50. Nc3 Rh1+ 51. Nd1 Ra1+ 52. Kc2 Raxd1 53. Rxh7+ Ka6 54. Rxh5 Rd4 55. Rh8 Ka5 56. h5 Rdh4 57. h6 Rxh6 58. Ra8+ Kb4 59. Rg8 R1h2+ 60. Kd3 R6h3+ 61. Kd4 Kb3 62. Rg4 Rh4 63. Kc5 Rxg4 64. Kb6 Rh5 65. Ka5 b4+ 66. Kb6 Rg6+ 67. Kc7 Rh7+ 68. Kd8 Rg8# 0-1

[Event "Titled Tuesday intern op 14th Nov Early"]
[Site "Chess.com INT"]
[Date "2023.11.14"]
[Round "11"]
[White "Ovetchkin, Roman"]
[Black "Mestnikov, Aisen"]
[Result "1-0"]
[WhiteElo "2518"]
[BlackElo "2043"]
[PlyCount "71"]
[EventDate "2023.11.14"]
[EventType "swiss (blitz)"]
[EventRounds "11"]
[EventCountry "USA"]
[SourceTitle "CB47_2023"]
[SourceDate "2023.11.22"]
[SourceVersion "1"]
[SourceVersionDate "2023.11.22"]
[SourceQuality "1"]

1. d4 Nf6 2. c4 g6 3. Nc3 d5 4. cxd5 Nxd5 5. e4 Nxc3 6. bxc3 Bg7 7. Nf3 c5 8. Bb5+ Bd7 9. Bxd7+ Nxd7 10. 0-0 0-0 11. Qe2 Qa5 12. Rb1 b6 13. Rd1 Qxc3 14. d5 Ne5 15. Bb2 Qc4 16. Qe3 Nxf3+ 17. gxf3 Qxa2 18. Bxg7 Kxg7 19. e5 Rfd8 20. Qe4 Qa6 21. d6 exd6 22. exd6 Qc8 23. d7 Qc7 24. Rd5 Rab8 25. Rbd1 a5 26. h4 h5 27. f4 Rb7 28. Rd6 Rbb8 29. f5 Qb7 30. Qe5+ Kg8 31. fxg6 Qf3 32. R1d3 Qg4+ 33. Rg3 f6 34. Qe7 Qxh4 35. Qf7+ Kh8 36. Qh7# 1-0

[Event "Titled Tuesday intern op 23rd May Early"]
[Site "Chess.com INT"]
[Date "2023.05.23"]
[Round "2"]
[White "Domingo Nunez, Ruben"]
[Black "Mestnikov, Aisen"]
[Result "1-0"]
[WhiteElo "2416"]
[BlackElo "2043"]
[PlyCount "79"]
[EventDate "2023.05.23"]
[EventType "swiss (blitz)"]
[EventRounds "11"]
[EventCountry "USA"]
[SourceTitle "CBM 214 Extra"]
[Source "ChessBase"]
[SourceDate "2023.07.31"]
[SourceVersion "1"]
[SourceVersionDate "2023.07.31"]
[SourceQuality "1"]

1. c4 c5 2. Nc3 Nf6 3. g3 e6 4. Bg2 d5 5. cxd5 exd5 6. Nf3 d4 7. Nb1 Nc6 8. 0-0 Bd6 9. d3 0-0 10. Na3 a6 11. Nc4 Bc7 12. a4 b6 13. Nfe5 Nxe5 14. Bxa8 Nxc4 15. dxc4 Be6 16. Bf3 Bxc4 17. b3 Bd5 18. Qd3 Bxf3 19. exf3 Qd5 20. Kg2 Qb7 21. Re1 b5 22. Bd2 Rd8 23. Bg5 Qc6 24. Bxf6 gxf6 25. Re4 f5 26. Ree1 Rd5 27. axb5 axb5 28. Ra7 Bd6 29. Rc1 Re5 30. Qxd4 Qxf3+ 31. Kxf3 cxd4 32. Rd7 Ba3 33. Rc8+ Kg7 34. Rxd4 Re1 35. Rb8 Bc5 36. Rf4 Rf1 37. Kg2 Rc1 38. Rxb5 Be7 39. Rbxf5 Rc2 40. Rxf7+ 1-0

[Event "Titled Tuesday intern op 17th Jan Early"]
[Site "Chess.com INT"]
[Date "2023.01.17"]
[Round "5"]
[White "De Souza, Cristiano Gomes"]
[Black "Mestnikov, Aisen"]
[Result "0-1"]
[WhiteElo "2018"]
[BlackElo "2095"]
[PlyCount "116"]
[EventDate "2023.01.17"]
[EventType "swiss (blitz)"]
[EventRounds "11"]
[EventCountry "USA"]
[SourceTitle "CBM 212 Extra"]
[Source "ChessBase"]
[SourceDate "2023.03.31"]
[SourceVersion "1"]
[SourceVersionDate "2023.03.31"]
[SourceQuality "1"]

1. d4 d5 2. c4 Nf6 3. Nf3 g6 4. Nc3 Bg7 5. Bf4 0-0 6. e3 dxc4 7. Bxc4 c5 8. 0-0 cxd4 9. Nxd4 Nc6 10. Nxc6 bxc6 11. Qf3 Bb7 12. Rfd1 Qa5 13. Bb3 Rfd8 14. h3 Nd5 15. Nxd5 cxd5 16. Rac1 Rac8 17. Qe2 Rxc1 18. Rxc1 e5 19. Bg5 Rc8 20. Rxc8+ Bxc8 21. e4 Ba6 22. Qf3 Qe1+ 23. Kh2 Qxe4 24. Bxd5 Qxf3 25. Bxf3 e4 26. Bxe4 Bxb2 27. Be3 Bc4 28. Bxa7 Bxa2 29. Bb8 f5 30. Bc6 Kf7 31. g4 Ke6 32. Kg3 Bd4 33. Bb7 Bb3 34. Bc8+ Kf6 35. gxf5 gxf5 36. Bf4 Bc2 37. h4 Be4 38. f3 Bd3 39. Bg5+ Kg6 40. Kf4 Bc3 41. Ke3 Bb1 42. Bd7 Bb2 43. Be8+ Kg7 44. h5 Bc1+ 45. Kd4 Bxg5 46. Ke5 Bd2 47. Bd7 Bc3+ 48. Kf4 Kf6 49. Bc8 Bd2+ 50. Kg3 Kg5 51. Bb7 Kxh5 52. Kh3 Kg5 53. Kg2 Bf4 54. Ba8 Bd3 55. Bb7 h5 56. Bc6 h4 57. Bb7 h3+ 58. Kxh3 Bf1# 0-1

[Event "Titled Tuesday intern op 17th Jan Early"]
[Site "Chess.com INT"]
[Date "2023.01.17"]
[Round "4"]
[White "Mestnikov, Aisen"]
[Black "Lagno, Kateryna"]
[Result "0-1"]
[WhiteElo "2095"]
[BlackElo "2560"]
[PlyCount "74"]
[EventDate "2023.01.17"]
[EventType "swiss (blitz)"]
[EventRounds "11"]
[EventCountry "USA"]
[SourceTitle "CBM 212 Extra"]
[Source "ChessBase"]
[SourceDate "2023.03.31"]
[SourceVersion "1"]
[SourceVersionDate "2023.03.31"]
[SourceQuality "1"]

1. d4 Nf6 2. c4 g6 3. Nc3 d5 4. Nf3 Bg7 5. h4 c6 6. Bf4 0-0 7. e3 Nbd7 8. Qb3 dxc4 9. Bxc4 Nb6 10. Be2 Be6 11. Qc2 Bf5 12. Qb3 h6 13. 0-0 Nfd5 14. Bg3 Be6 15. Nxd5 Qxd5 16. Qxd5 Nxd5 17. Rfd1 a5 18. e4 Nf6 19. Nd2 Rfd8 20. Be5 a4 21. f3 a3 22. b3 Nh5 23. Bxg7 Kxg7 24. Bc4 Rxd4 25. Bxe6 Rad8 26. Bd5 cxd5 27. Nf1 dxe4 28. Rxd4 Rxd4 29. Re1 exf3 30. Rxe7 fxg2 31. Kxg2 b5 32. Rb7 b4 33. Kh3 Nf4+ 34. Kh2 Ne2 35. Kh3 Nc3 36. Ne3 Rd3 37. Re7 Nd5 0-1

[Event "Titled Tuesday intern op 17th Jan Early"]
[Site "Chess.com INT"]
[Date "2023.01.17"]
[Round "3"]
[White "Nordquelle, Daniel"]
[Black "Mestnikov, Aisen"]
[Result "0-1"]
[WhiteElo "2151"]
[BlackElo "2095"]
[PlyCount "54"]
[EventDate "2023.01.17"]
[EventType "swiss (blitz)"]
[EventRounds "11"]
[EventCountry "USA"]
[SourceTitle "CBM 212 Extra"]
[Source "ChessBase"]
[SourceDate "2023.03.31"]
[SourceVersion "1"]
[SourceVersionDate "2023.03.31"]
[SourceQuality "1"]

1. e4 e5 2. Nf3 Nc6 3. Bc4 Bc5 4. d3 Nf6 5. 0-0 d6 6. a4 a5 7. c3 Ba7 8. Nbd2 Be6 9. Bb5 0-0 10. Nc4 Ne7 11. Ne3 Ng6 12. Qc2 d5 13. exd5 Nxd5 14. Re1 Ngf4 15. Nxd5 Bxd5 16. Nxe5 Qg5 17. g3 Nh3+ 18. Kf1 Qf5 19. f4 Nf2 20. Bd7 Qh5 21. Qe2 Qxh2 22. Qd2 Qg2+ 23. Ke2 Ne4+ 24. Kd1 Nxd2 25. Bxd2 Bf3+ 26. Kc2 Bd5 27. Rg1 Bxg1 0-1

[Event "Titled Tuesday intern op 20th Dec Early"]
[Site "Chess.com INT"]
[Date "2022.12.20"]
[Round "5"]
[White "Guz, Ari"]
[Black "Mestnikov, Aisen"]
[Result "1-0"]
[WhiteElo "2304"]
[BlackElo "2095"]
[PlyCount "103"]
[EventDate "2022.12.20"]
[EventType "swiss (blitz)"]
[EventRounds "11"]
[EventCountry "USA"]
[SourceTitle "EXT 2024"]
[Source "ChessBase"]
[SourceDate "2023.10.10"]
[SourceVersion "1"]
[SourceVersionDate "2023.10.10"]
[SourceQuality "1"]

1. e4 e5 2. Nc3 Nc6 3. Bc4 g6 4. d3 Bg7 5. Nge2 Nge7 6. 0-0 0-0 7. f4 d6 8. f5 gxf5 9. exf5 Bxf5 10. Ng3 Bg6 11. Bg5 Qd7 12. Qd2 d5 13. Bb5 a6 14. Ba4 b5 15. Bb3 f6 16. Bh6 Nd4 17. Bxg7 Kxg7 18. Nce2 Nxb3 19. axb3 c5 20. h4 Qg4 21. Qe3 Rfc8 22. h5 Bxh5 23. Nxh5+ Qxh5 24. Rf3 Ng6 25. Raf1 Qg5 26. Qf2 Rc6 27. Rg3 Qh5 28. Rh3 Qg4 29. Rg3 Qe6 30. Qe3 c4 31. Rh3 Qe7 32. Ng3 Qc5 33. Qxc5 Rxc5 34. Nh5+ Kf7 35. d4 exd4 36. Nxf6 Ke6 37. Rxh7 Rf8 38. Ng4 Rxf1+ 39. Kxf1 cxb3 40. cxb3 Rc1+ 41. Ke2 Rc2+ 42. Kd3 Rxb2 43. Nh6 Ne5+ 44. Kxd4 Rxb3 45. g4 Rb4+ 46. Kc5 Rc4+ 47. Kb6 Nxg4 48. Ng8 d4 49. Re7+ Kd6 50. Rg7 Rc6+ 51. Kb7 Ne5 52. Nf6 1-0

[Event "Titled Tuesday intern op 20th Dec Early"]
[Site "Chess.com INT"]
[Date "2022.12.20"]
[Round "1"]
[White "Mestnikov, Aisen"]
[Black "Morefield, Jason P"]
[Result "1-0"]
[WhiteElo "2095"]
[BlackElo "2238"]
[PlyCount "81"]
[EventDate "2022.12.20"]
[EventType "swiss (blitz)"]
[EventRounds "11"]
[EventCountry "USA"]
[SourceTitle "EXT 2024"]
[Source "ChessBase"]
[SourceDate "2023.10.10"]
[SourceVersion "1"]
[SourceVersionDate "2023.10.10"]
[SourceQuality "1"]

1. d4 Nf6 2. c4 b6 3. Nf3 Bb7 4. g3 g6 5. Bg2 Bg7 6. 0-0 0-0 7. Nc3 Ne4 8. Qc2 Nxc3 9. Qxc3 c5 10. e3 Nc6 11. Rd1 Rc8 12. Qd3 cxd4 13. exd4 d5 14. cxd5 Nb4 15. Qb5 Nc2 16. Rb1 Qxd5 17. Qxd5 Bxd5 18. b3 Bxf3 19. Bxf3 Nxd4 20. Bg2 Ne2+ 21. Kf1 Nc3 22. Be3 Nxb1 23. Rxb1 Rc2 24. a4 Rb2 25. Rd1 Rxb3 26. Rd7 a5 27. Rxe7 Rb4 28. Bc6 Bd4 29. Bh6 Rc8 30. Bd5 Rd8 31. Rxf7 Kh8 32. Bc6 Rb2 33. h4 Kg8 34. Bd5 Kh8 35. Bc6 Rc2 36. Be4 Rc5 37. g4 Kg8 38. Rb7 Re8 39. f3 Rc4 40. Bd5+ Kh8 41. Bxc4 1-0

[Event "Titled Tuesday intern op 30th Aug Early"]
[Site "Chess.com INT"]
[Date "2022.08.30"]
[Round "7"]
[White "Mestnikov, Aisen"]
[Black "Odegov, Artem"]
[Result "0-1"]
[WhiteElo "2097"]
[BlackElo "2286"]
[PlyCount "46"]
[EventDate "2022.08.30"]
[EventType "swiss (blitz)"]
[EventRounds "11"]
[EventCountry "USA"]
[SourceTitle "EXT 2023"]
[Source "ChessBase"]
[SourceDate "2022.10.05"]
[SourceVersion "1"]
[SourceVersionDate "2022.10.05"]
[SourceQuality "1"]

1. d4 Nf6 2. c4 c5 3. d5 e5 4. Nc3 d6 5. e4 Be7 6. f4 exf4 7. Bxf4 0-0 8. Nf3 Nbd7 9. Be2 Nh5 10. Be3 g6 11. 0-0 Bf6 12. e5 Nxe5 13. Nxe5 Bxe5 14. Bxh5 Qh4 15. g3 Bxg3 16. hxg3 Qxg3+ 17. Kh1 Qh3+ 18. Kg1 Qxe3+ 19. Rf2 gxh5 20. Qxh5 Kh8 21. Raf1 Rg8+ 22. Kh1 Bg4 23. Qh4 Rg5 0-1

[Event "Titled Tuesday intern op 19th Jul Early"]
[Site "Chess.com INT"]
[Date "2022.07.19"]
[Round "6"]
[White "Arabidze, Meri"]
[Black "Mestnikov, Aisen"]
[Result "1-0"]
[WhiteElo "2426"]
[BlackElo "2097"]
[PlyCount "81"]
[EventDate "2022.07.19"]
[EventType "swiss (blitz)"]
[EventRounds "11"]
[EventCountry "USA"]
[SourceTitle "EXT 2023"]
[Source "ChessBase"]
[SourceDate "2022.10.05"]
[SourceVersion "1"]
[SourceVersionDate "2022.10.05"]
[SourceQuality "1"]

1. Nf3 Nf6 2. b3 g6 3. Bb2 Bg7 4. g3 0-0 5. Bg2 d5 6. c4 dxc4 7. bxc4 c5 8. 0-0 Nc6 9. d3 Nd4 10. Nxd4 cxd4 11. Nd2 e5 12. a4 Qc7 13. a5 Rb8 14. Ba3 Re8 15. Qb3 Bd7 16. a6 bxa6 17. Qa2 Bc6 18. Nf3 a5 19. Rfb1 a4 20. Bb4 a5 21. Be1 Bf8 22. Nh4 a3 23. Bd2 Bb4 24. Bc1 Bxg2 25. Nxg2 Bc3 26. Rxb8 Rxb8 27. Rb1 Rxb1 28. Qxb1 Bb4 29. Qb3 Qe7 30. Nh4 Nd7 31. Qa2 f5 32. Nf3 Kg7 33. Nd2 Nb6 34. Nb1 Na4 35. Bxa3 Nc3 36. Nxc3 dxc3 37. Bc1 Qc5 38. e3 Qd6 39. Qc2 a4 40. Qxa4 Qd5 41. cxd5 1-0

[Event "Titled Tuesday intern op 19th Jul Early"]
[Site "Chess.com INT"]
[Date "2022.07.19"]
[Round "4"]
[White "Blanco Ronquillo, Humberto L"]
[Black "Mestnikov, Aisen"]
[Result "1-0"]
[WhiteElo "2442"]
[BlackElo "2097"]
[PlyCount "73"]
[EventDate "2022.07.19"]
[EventType "swiss (blitz)"]
[EventRounds "11"]
[EventCountry "USA"]
[SourceTitle "EXT 2023"]
[Source "ChessBase"]
[SourceDate "2022.10.05"]
[SourceVersion "1"]
[SourceVersionDate "2022.10.05"]
[SourceQuality "1"]

1. e4 e5 2. Nf3 Nc6 3. Bb5 a6 4. Ba4 Nge7 5. 0-0 g6 6. Re1 Bg7 7. c3 b6 8. d4 b5 9. Bc2 exd4 10. cxd4 d6 11. h3 0-0 12. Nc3 Bb7 13. Bg5 h6 14. Be3 Rc8 15. Qd2 Kh7 16. Rad1 Na5 17. b3 c5 18. Bb1 c4 19. b4 Nac6 20. a3 f5 21. d5 Ne5 22. Nxe5 Bxe5 23. Bd4 f4 24. a4 Qd7 25. axb5 axb5 26. f3 g5 27. Bc2 Ng6 28. Ra1 Ra8 29. Bxe5 Nxe5 30. Qd4 h5 31. Kf2 Qg7 32. Qb6 Rab8 33. Ra7 Rf7 34. Qxd6 Nd3+ 35. Bxd3 Qd4+ 36. Kf1 Qxa7 37. Bb1 1-0

[Event "Titled Tuesday intern op 12th Jul Early"]
[Site "Chess.com INT"]
[Date "2022.07.12"]
[Round "3"]
[White "Mestnikov, Aisen"]
[Black "Mangialardo, Tiago Carvalho"]
[Result "1-0"]
[WhiteElo "2097"]
[BlackElo "1965"]
[PlyCount "59"]
[EventDate "2022.07.12"]
[EventType "swiss (blitz)"]
[EventRounds "11"]
[EventCountry "USA"]
[SourceTitle "EXT 2023"]
[Source "ChessBase"]
[SourceDate "2022.10.05"]
[SourceVersion "1"]
[SourceVersionDate "2022.10.05"]
[SourceQuality "1"]

1. d4 d5 2. c4 e6 3. Nf3 Nf6 4. g3 Be7 5. Bg2 0-0 6. 0-0 Nbd7 7. Nc3 Re8 8. Qd3 c6 9. e4 dxe4 10. Nxe4 Nxe4 11. Qxe4 Nf6 12. Qe2 Qc7 13. Rd1 h6 14. Bf4 Bd6 15. Ne5 g5 16. Bd2 Nd7 17. Ng4 Kg7 18. h4 Be7 19. hxg5 hxg5 20. f4 f5 21. Ne5 Nxe5 22. fxe5 Rh8 23. Kf2 b6 24. Rh1 Bb7 25. Rh5 Kg6 26. Rah1 Kg7 27. Bxg5 Rxh5 28. Qxh5 Rg8 29. Bh6+ Kh7 30. Bf8# 1-0

[Event "Titled Tuesday intern op 28th Jun Early"]
[Site "Chess.com INT"]
[Date "2022.06.28"]
[Round "3"]
[White "Mestnikov, Aisen"]
[Black "Johnson, Ben"]
[Result "0-1"]
[WhiteElo "2101"]
[BlackElo "2061"]
[PlyCount "40"]
[EventDate "2022.06.28"]
[EventType "swiss (blitz)"]
[EventRounds "11"]
[EventCountry "USA"]
[SourceTitle "CBM 209 Extra"]
[Source "ChessBase"]
[SourceDate "2022.09.30"]
[SourceVersion "1"]
[SourceVersionDate "2022.09.30"]
[SourceQuality "1"]

1. d4 Nf6 2. c4 e6 3. Nf3 d5 4. g3 dxc4 5. Bg2 c5 6. 0-0 Nc6 7. Qa4 Bd7 8. Qxc4 b5 9. Qd3 c4 10. Qd1 Be7 11. Ne5 Rc8 12. Nxd7 Qxd7 13. e3 Nb4 14. Nc3 Nd3 15. Ne4 0-0 16. Nxf6+ Bxf6 17. Be4 Nxc1 18. Rxc1 b4 19. Bb1 g6 20. Qa4 Qxa4 0-1

[Event "Titled Tuesday intern op 28th Jun Early"]
[Site "Chess.com INT"]
[Date "2022.06.28"]
[Round "1"]
[White "Preotu, Razvan"]
[Black "Mestnikov, Aisen"]
[Result "1-0"]
[WhiteElo "2445"]
[BlackElo "2101"]
[PlyCount "29"]
[EventDate "2022.06.28"]
[EventType "swiss (blitz)"]
[EventRounds "11"]
[EventCountry "USA"]
[SourceTitle "CBM 209 Extra"]
[Source "ChessBase"]
[SourceDate "2022.09.30"]
[SourceVersion "1"]
[SourceVersionDate "2022.09.30"]
[SourceQuality "1"]

1. e4 e5 2. Nf3 Nc6 3. Bc4 Bc5 4. c3 a5 5. d4 exd4 6. cxd4 Bb4+ 7. Nc3 Nf6 8. e5 Ne4 9. 0-0 Nxc3 10. bxc3 d5 11. exd6 Bxd6 12. Re1+ Ne7 13. Ng5 Rf8 14. Qh5 g6 15. Qxh7 1-0